00708nam a2200229Ia 4500003000400000005001700004008004100021040000700062041000800069082002300077100002600100245003700126260004800163300000700211365001300218650002700231650002200258906003700280942001200317999001900329952013000348OSt20230602082423.0210423s2003 xx 000 0 und d cAL aeng a305.562 b232TAOM aTAORI (Kamal)9118443 aMarketing the unorganized sector aNew DelhibConcept publishing companyc2003 bHB b400cINR aSocial Classes9118444 aSociology9118445 aMarketing ; sector ; unorganized 2ddccBK c175639d175639 001040708MSWaSACPGbSACPGd2010-07-06eBook Worldg400.00l0o305.562 TAOMpPG022339r2022-08-24 00:00:00w2021-04-26yBK